000 00436nam a2200181Ia 4500
001 1817
005 20260306143756.0
008 260306t2007||||xx |||||||||||||| ||spa||
041 _aESP
082 _a155.5
_bL87
100 _aLópez Fuentetaja, Ana M.ª
_eAUT
245 0 _aAdolescencia:
_blímites imprecisos
260 _c2007
300 _a320 páginas :
_c23 cm.
650 _aGEN
654 _aCPS
942 _cLIB
_dJUS
_fJUS
_2ddc
_n
999 _c1817
_d1817